000 00607nam a2200169 4500
001 127549
003 ES-MaACL
005 20230906193032.0
007 t|
008 070214s1956 sp r ||||1| spa d
100 1 _aRiezu, Jorge de.
_997177
245 1 0 _aVida y obra, y semblante espiritual del padre José Antonio de Donostia, capuchino /
_cJorge de Riezu.
260 _aPamplona :
_bVerdad y Caridad,
_c1956.
300 _a71 p., 1 lám. :
_b`retr. aut.` ;
_c16 cm.
500 _aEs separata del B.O. de la provincia capuchina de Navarra-Aragón, nº65-1956.
852 _aES-MaACL
_j1983-F-4
_bR.40175
999 _c127549
_d127549